000 00827nam a22002297a 4500
999 _c1323
_d1323
003 AR-CdUCM
008 190226b ||||| |||| 00| 0 spa d
040 _aMUNICIPALIDAD PROVINCIAL DEL CUSCO
_cBIBLIOTECA MUNICIPAL DEL CUSCO
082 _a779.98561 /
_bM93
110 _aMunicipalidad Provincial del Cusco
_95084
245 _aCusco Monumental :
_bOmbligo del Mundo /
260 _aCusco :
_bMunicipalidad del Cusco,
_c2010.
300 _a302 paginas ;
_b362 fotografias.
_c35 cm.
505 _aLa geografía del Cusco -- Las huellas de la historia -- Tradiciones, costumbres y rostros -- Las riquezas de nuestra región.
650 _aHistoria
_9136
650 _aSimbologia
_95085
650 _aRitual
_95086
650 _aCultura
_9126
650 _aTradicion
_92335
942 _2ddc
_cLIBROS
945 _awnts
_d2019-02-26